000 00480nam a22001577a 4500
003 OSt
005 20151104094107.0
008 151104b xxu||||| |||| 00| 0 eng d
040 _cRUA
082 _aFOR ផុន 1995 B121 Or.1
100 _93315
_aផុន លីវិរៈ
245 _aតួនាទីព្រៃឈើក្នុងការអភិវឌ្ឍន៍ជនបទ
260 _aPhnom Penh
_bRUA
_c1995
300 _a94p.
_bill.
_c29cm.
942 _2ddc
_cFOR
999 _c3092
_d3092